[Event "Interzonal-16"]
[Site "Biel"]
[Date "1993.??.??"]
[Round "4"]
[White "Van der Sterren, Paul"]
[Black "Huebner, Robert"]
[Result "1-0"]
[WhiteElo "2525"]
[BlackElo "2605"]
[Annotator "Ftacnik,L"]
[PlyCount "61"]
[EventDate "1993.07.16"]
[EventType "swiss"]
[EventRounds "13"]
[EventCountry "SUI"]
[SourceTitle "CBM 037"]
[Source "ChessBase"]
[SourceDate "1993.12.01"]
[SourceVersion "1"]
[SourceVersionDate "1993.12.01"]
[SourceQuality "1"]

1. d4 {Huebner,R Hertneck} d5 2. Nf3 Nf6 3. c4 dxc4 4. Nc3 c6 5. a4 Bf5 6. e3
e6 7. Bxc4 Bb4 8. O-O Nbd7 9. Nh4 Bg6 10. h3 Bh5 (10... O-O 11. Nxg6 hxg6 12.
Na2 (12. Qc2 Rc8 13. Rd1 Qb6 14. e4 c5 15. d5 Ne5 16. Be2 exd5 17. Nxd5 Nxd5
18. Rxd5 Nc6 19. Bc4 Nd4 20. Qd3 Rcd8 21. Be3 Rxd5 22. Bxd5 Rd8 23. Qc4 Rd7 24.
Rc1 $16 {Kasparov,G-Anand,V/Linares (09)/1993/}) (12. Qc2 $14 {Hertneck}) 12...
Bd6 13. b4 a5 14. b5 c5 15. Bb2 Rc8 16. Rc1 Qe7 17. Qd2 cxd4 18. Bxd4 Ne4 19.
Qxa5 Ra8 20. Qe1 Rxa4 21. Qe2 Rfa8 22. Nc3 Nxc3 23. Bxc3 Be5 24. Bb3 $10 {
Sokolov,I-Lautier,J/Chalkidiki (10)/1992/}) (10... a5 11. Bd2 O-O 12. Nxg6 hxg6
13. Qc2 Rc8 14. Rfd1 Nb6 15. Be2 Qe7 16. Qb3 Rfd8 17. Na2 Bxd2 18. Qxb6 Nd5 19.
Qb3 Bb4 20. e4 Nf6 21. Nxb4 axb4 22. Bf3 Ne8 23. Rac1 Nc7 24. Rc4 $10 {Karpov,
An-Anand,V/Monaco blind (08)/1993/}) 11. Qb3 (11. g4 $5 {Huebner,R} Nd5 12. Ng2
Bg6 {/\ h5}) 11... a5 12. Na2 (12. f4 O-O 13. Nf3 Nb6 14. Be2 c5 15. Na2 Rc8
16. Nxb4 cxb4 17. Bd2 Ne4 18. g4 Bg6 19. Rfc1 Qd5 20. Bd1 Nc4 21. Be1 Ned6 22.
Be2 Rc7 23. Ne5 Rfc8 24. Nxc4 $17 {Piket,Je-Anand,V/Amstedam VSB (1)/1993/}) (
12. f4 {Huebner,R}) 12... Bd6 (12... Be7 {Hertneck} 13. Qxb7 Rb8 14. Qa6 Ra8
15. Qxc6 g5 $1 (15... Rc8 {Huebner,R} 16. Qb5 Rb8 17. Qa6 Ra8 $10) 16. Nf3 Rc8
17. Qb5 Rb8 $10) 13. Qxb7 Rb8 14. Qa6 (14. Qxc6 $2 Rb6 $19) 14... Ne4 (14... g5
$5 {Hertneck} 15. Nf3 g4 16. hxg4 Bxg4) 15. g3 (15. Qxc6 Qxh4 16. Bd3 Nxf2 $1 (
16... Ng3 17. Re1 Be7 18. e4 $16) 17. Rxf2 (17. Qxd6 Nxd3) (17. Bb5 Rxb5) 17...
Qg3 18. Kf1 Qh2 (18... Ke7 {Huebner,R /\ 19...Qh2, 19...Rhc8-+}) 19. Rf3 (19.
g4 $13) 19... Bxf3 20. Qxf3 O-O $17) (15. Nf3 $2 {Hertneck} Bxf3 16. gxf3 Qg5+
17. Kh1 Qh5 $17) 15... Qg5 (15... Qc7 16. Be2 Rb6 17. Qd3 Bxe2 18. Qxe2 O-O 19.
Nc3 $16) (15... Nxf2 16. Rxf2 (16. Kxf2 $2 {Hertneck} Rb6 17. Qa7 Bb8 18. Qxa5
Rxb2+ $17) 16... Bxg3 17. Ng2 Bxf2+ (17... Rb6 {Huebner,R} 18. Qa7 (18. Qxa5 $2
Bxf2+ 19. Kxf2 Rxb2+ $19) 18... Bb8 19. Qxa5 $18) 18. Kxf2 Rb6 19. Qa7 e5 $13)
16. Qxc6 (16. Ng2 {Huebner,R} Nxg3 17. fxg3 Qxg3 {/\ 18...Qh2 19.Kf2 Bg3#} 18.
Rf4 (18. Re1 Qh2+ 19. Kf1 Bg3 $19) 18... g5 19. Qxc6 Bxf4 20. exf4 Bf3 $19)
16... Nxg3 (16... Bxg3 17. fxg3 Qxg3+ 18. Ng2 Ng5 (18... Bf3 19. Rxf3 Qxf3 20.
Nc3 Qf2+ 21. Kh1 $16) 19. Bb5 Rxb5 20. axb5 Nf3+ 21. Rxf3 Bxf3 22. Qc8+ Ke7 23.
Qc2 Rc8 24. Nc3 $16) (16... Nxf2 {Huebner,R} 17. Rxf2 Qxg3+ 18. Rg2 (18. Qg2
Qxh4 19. e4 Bg3 $17) 18... Qe1+ 19. Bf1 $18) 17. fxg3 Qxg3+ 18. Qg2 (18. Ng2 $4
Qh2+ 19. Kf2 Bg3#) 18... Qxh4 19. e4 (19. Qxg7 $2 Ke7 $19) 19... Bg3 (19... O-O
20. Bg5 Qg3 21. Qxg3 Bxg3 22. Bb5 Nb6 23. Rac1 $14) (19... Qd8 {Huebner,R} 20.
Nc3 O-O 21. Nb5 $16) 20. Bb5 (20. Nc3 $5 {Huebner,R /\ Nb5, Ra3}) 20... g5 21.
Nc3 Rg8 (21... Bf4 {Huebner,R} 22. Ne2 (22. e5 Bxc1 23. Raxc1 Qxd4+ 24. Kh1
Qxe5 25. Ne4 Ke7 $13) 22... Bxe2 23. Qxe2 Qxh3 24. Ra3 Qh4 25. Qg2 $40) 22. Ne2
(22. d5 g4 23. hxg4 Rxg4 24. Bxd7+ Kxd7 25. dxe6+ Kxe6 $19) 22... Bc7 $6 (22...
Bxe2 23. Bxe2 (23. Qxe2 Qxh3 (23... g4 {Huebner,R} 24. Bxd7+ Kxd7 25. Rxf7+ Ke8
26. Rf1 (26. Qf1 gxh3 {><e4}) 26... gxh3 27. Kh1 $13) 24. Bxd7+ Kxd7 25. Rxf7+
Ke8 26. Ra7 Rf8 27. Be3 Bh2+ 28. Qxh2 Qxe3+ $17) 23... Rb4 24. Ra3 $13) (22...
Bd6 {Huebner,R} 23. Bd2 (23. e5 $2 Bxe2 {/\ Qd4}) (23. Be3 $2 Bxe2 24. Qxe2 (
24. Bxe2 Rxb2) 24... Qg3+) 23... Bxe2 (23... g4 24. e5) 24. Qxe2 Qxh3 25. e5
Be7 $13) 23. Ra3 g4 (23... Ke7 $5 {Huebner,R}) 24. Bf4 $1 (24. Rc3 Bb6 25. Bf4
Rd8 $13 (25... Rg6 $6 26. Bxb8 gxh3 27. Rc8+ Bd8 28. Bg3 hxg2 29. Bxh4 gxf1=Q+
30. Kxf1 Bxe2+ 31. Bxe2 f6 32. Bh5 $18)) 24... Bxf4 (24... Ke7 {Huebner,R} 25.
Bxc7 gxh3 26. Bg3 $18) 25. Nxf4 Ke7 26. Kh2 (26. Rg3 $2 gxh3 27. Rxg8 hxg2 $19)
26... Nf6 $2 (26... gxh3 27. Qxh3 Qxh3+ 28. Rxh3 Bg4 (28... Bg6 {Hertneck} 29.
Nxg6+ hxg6 30. Bxd7 Rxb2+ $10) 29. Rh6 $16 (29. Rc3 {Huebner,R} Rgc8 $14) (29.
Rxh7 Nf6)) 27. e5 $1 (27. Qg3 Qxg3+ 28. Rxg3 Nxe4 29. Nxh5 Nxg3 30. Nxg3 Rbc8
$132) 27... g3+ (27... Nd7 28. Qc6 g3+ 29. Kg2 Rxb5 30. axb5 $18) (27... Nd5
28. Nxd5+ exd5 29. Qxd5 $18) 28. Kg1 (28. Rxg3 {Huebner,R} Ng4+ {/\ Ne3}) 28...
Nd7 (28... Ne8 {Hertneck} 29. Qc6 $18) 29. Qc6 (29. Rc3 $18 {Huebner,R}) 29...
Rgd8 (29... Rxb5 30. axb5 $18 (30. axb5 {Hertneck} g2 31. Qd6+ (31. Rf2 $2 {
Huebner,R} Qxf2+) (31. Nxg2 {Huebner,R} Qxd4+ 32. Kh1 Nxe5 33. Qc7+ Nd7 {/\ Qb2
}) 31... Kd8 32. Rc1 (32. Nxg2 {Huebner,R} Qe4 33. Rf2 Qe1+ 34. Rf1 Qe4 $10)
32... Qxf4 33. Rac3 $18)) 30. Qd6+ Ke8 31. Nxe6 (31. Nxe6 $1 Qxh3 (31... Qe7
32. Bxd7+ Rxd7 33. Qxb8+ $18) 32. Ng7#) 1-0

[Event "Amsterdam VSB"]
[Site "Amsterdam"]
[Date "1993.??.??"]
[Round "1"]
[White "Piket, Jeroen"]
[Black "Anand, Viswanathan"]
[Result "0-1"]
[WhiteElo "2590"]
[BlackElo "2710"]
[Annotator "Ftacnik,L"]
[PlyCount "60"]
[EventDate "1993.05.??"]
[EventType "tourn"]
[EventRounds "6"]
[EventCountry "NED"]
[EventCategory "17"]
[SourceTitle "CBM 035"]
[Source "ChessBase"]
[SourceDate "1993.08.01"]
[SourceVersion "1"]
[SourceVersionDate "1993.08.01"]
[SourceQuality "1"]

1. d4 {Kramnik} d5 2. c4 c6 3. Nc3 Nf6 4. Nf3 dxc4 5. a4 Bf5 6. e3 e6 7. Bxc4
Bb4 8. O-O Nbd7 9. Nh4 Bg6 10. h3 Bh5 $5 (10... O-O {Kramnik} 11. Nxg6 hxg6 {
Kasparov,G-Anand,V/Linares/1993/}) 11. Qb3 (11. g4 Nxg4 (11... Nd5 $1 12. Ng2
Bg6 13. Bd2 Qa5 (13... h5 $6 14. Nxd5 Bxd2 15. Ndf4 $16)) (11... Bg6 $14 {
Kramnik}) 12. hxg4 Qxh4 13. gxh5 Qg5+ (13... Bd6 14. Re1 $1 Qh3 $1 15. f4 Qg3+
16. Kf1 Qh3+ 17. Ke2) 14. Kh1 Qh4+ 15. Kg2 Qg5+ 16. Kh3) 11... a5 12. f4 (12.
Na2 $5 Nd5) 12... O-O $1 (12... Bxc3 13. bxc3 Ne4 14. Nf3 $14) 13. Nf3 $6 (13.
g4 Nxg4 (13... Bg6 $5) 14. hxg4 Qxh4 15. gxh5 Qg3+ 16. Kh1 Qh3+ $10) (13. Bd2
$6 c5 $1 14. dxc5 Nxc5 $132) (13. f5 $5 e5 (13... exf5 14. Nxf5) 14. g3 exd4
15. exd4 Nb6 16. Be3 Qd6 $1 17. Bf2 Nxc4 18. Qxc4 Rae8 $5 19. g4 Bxg4 20. hxg4
Nxg4 21. Nf3 Re3 $13) 13... Nb6 14. Be2 c5 $1 15. Na2 $2 (15. Rd1 $13) 15...
Rc8 $1 16. Nxb4 cxb4 17. Bd2 Ne4 $1 (17... Qd5 $5 18. Qxd5 Nbxd5 {xe3}) (17...
Bg6 {Kramnik}) 18. g4 $1 Bg6 19. Rfc1 Qd5 20. Bd1 $2 (20. Qxd5 Nxd5 21. Rxc8
Rxc8 22. Rc1 Rxc1+ 23. Bxc1 $15) (20. Qd1 Ng3 $5 21. Bb5 Be4 22. Kf2 Bxf3 23.
Qxf3 Ne4+ 24. Ke1 f5 $17) 20... Nc4 (20... f6 $17 {Kramnik}) 21. Be1 Ned6 22.
Be2 Rc7 $2 (22... Nb6 {Kramnik}) 23. Ne5 Rfc8 24. Nxc4 $2 (24. f5 $1 exf5 (
24... Nxe5 25. Qxd5 Rxc1 26. Rxc1 $5) 25. Nxc4 Nxc4 (25... fxg4 26. Nd2 $1 Qg5
27. h4 Qe7 28. Rxc7 Rxc7 29. Nf1 h5 $13 (29... Rc2 30. Bd1)) 26. Rxc4 $1 Rxc4
27. Rc1 Rxc1 28. Qxd5 Rxe1+ 29. Kf2 Rxe2+ 30. Kxe2 fxg4 31. hxg4 b6 32. Kf3 $16
) 24... Be4 $3 25. Nxa5 (25. f5 Nxc4 26. Bg3 Rc6 $17) (25. Bg3 f5 $1) (25. Qd1
Nxc4 26. Bxc4 Rxc4 27. Rxc4 Qxc4 28. Bd2 $17) 25... Rxc1 26. Rxc1 Rxc1 27. Qxb4
g5 $1 28. fxg5 $2 (28. Qd2 Rc2 $17) 28... Qxg5 29. Kf1 Qxe3 (29... Qf6+ 30. Kg1
Qh4 $19) 30. Qxd6 Rc2 (30... Rc2 31. Qb8+ Kg7 32. Qe5+ f6 33. Qh2 Rxe2 34. Qxe2
Bd3 $19) 0-1

[Event "USA-ch m"]
[Site "Jacksonville"]
[Date "1990.??.??"]
[Round "4"]
[White "Christiansen, Larry Mark"]
[Black "Alburt, Lev O"]
[Result "0-1"]
[WhiteElo "2595"]
[BlackElo "2530"]
[Annotator "Ftacnik,L"]
[PlyCount "68"]
[EventDate "1990.08.??"]
[EventType "k.o."]
[EventRounds "4"]
[EventCountry "USA"]
[SourceTitle "CBM 021"]
[Source "ChessBase"]
[SourceDate "1991.04.01"]
[SourceVersion "1"]
[SourceVersionDate "1991.04.01"]
[SourceQuality "1"]

1. d4 {Hertneck} Nf6 2. Nf3 d5 3. c4 c6 4. Nc3 dxc4 5. a4 Bf5 6. Nh4 e6 7. Nxf5
exf5 8. e3 Bb4 9. Bxc4 O-O 10. O-O (10. Qf3 g6 11. h3 Ne4 $5) 10... Nbd7 11.
Qc2 (11. Qf3 $6 g6 12. h3 Qa5 $1 $10 {Polugajevsky,L-Ivanchuk,V/Biel/1989/
->CBM 14}) (11. h3 $1 a5 (11... Qa5 12. Na2 $14) 12. Qf3 Nb6 13. Bb3 g6 14. g4
$13 {Polugajevsky}) (11. Qb3 Qb6 12. Qc2 {Dlugy}) 11... g6 12. b3 $6 (12. f3) (
12. Na2 Bd6 13. b4 $13) 12... Nb6 13. Bb2 Nbd5 14. Rfd1 h5 $1 15. Bf1 h4 16.
Nxd5 cxd5 $1 (16... Nxd5 $13 {Hertneck}) 17. Rac1 Bd6 $1 $17 18. Qe2 a6 19. Bc3
Ng4 20. h3 Nf6 21. Be1 Re8 22. b4 Ne4 23. a5 f4 $1 24. Qg4 fxe3 25. fxe3 Ng3
26. Bd3 Kg7 27. Bxg3 Bxg3 28. Rf1 Re6 (28... Rxe3 $2 29. Rxf7+ Kxf7 30. Qxg6+
Kf8 31. Qh6+) 29. Bb1 Qe7 30. e4 dxe4 31. Ba2 Rf6 32. Rxf6 Qxf6 33. Qxe4 $2 (
33. Rf1 Bh2+ $19) 33... Qf2+ 34. Kh1 Qxa2 {Ftacnik,L} 0-1

[Event "Helsinki op"]
[Site "Helsinki"]
[Date "1992.??.??"]
[Round "8"]
[White "Magerramov, Elmar S"]
[Black "Tukmakov, Vladimir B"]
[Result "0-1"]
[WhiteElo "2565"]
[BlackElo "2570"]
[Annotator "Ftacnik,L"]
[PlyCount "74"]
[EventDate "1992.09.??"]
[EventType "swiss"]
[EventRounds "9"]
[EventCountry "FIN"]
[SourceTitle "CBM 032"]
[Source "ChessBase"]
[SourceDate "1993.02.01"]
[SourceVersion "1"]
[SourceVersionDate "1993.02.01"]
[SourceQuality "1"]

1. d4 d5 2. c4 c6 3. Nf3 Nf6 4. Nc3 dxc4 5. a4 Bf5 6. e3 e6 7. Bxc4 Bb4 8. O-O
Nbd7 9. Qe2 Bg6 10. e4 Bxc3 11. bxc3 Nxe4 12. Ba3 Qc7 13. Rfc1 O-O-O 14. a5
Rhe8 (14... Nd6 15. Bb3 Rhe8 16. c4 $5) 15. Nh4 (15. Qb2 $5 Kb8 (15... Nd6 $5
16. Bf1 e5 17. c4 c5 18. dxc5 Nxc5 19. Nxe5 Be4 $13 {Geller,E-Gruenberg,HU/
Moscow GMA/1989/}) 16. Rcb1 Ka8 17. Bf1 e5 18. Re1 Nef6 19. Nd2 $44 {Gligoric,
S-Beliavsky,A/Belgrad/1987/}) 15... Nd6 16. Bb3 e5 17. Qf3 Nf6 $1 $146 (17...
Nb5 18. Nxg6 hxg6 19. Bxf7 $16 {Magerramov-Damljanovic/Baku/1986/}) 18. a6 $6
b6 19. c4 $2 Nde4 $1 20. c5 (20. dxe5 Rxe5 $17) 20... Nd2 21. Qe3 Nxb3 22. Qxb3
b5 23. dxe5 Rd3 24. Qb4 Rxe5 25. Re1 Rxe1+ 26. Rxe1 Qd7 27. Nxg6 hxg6 28. Bb2
Rd1 29. Bxf6 gxf6 30. h4 Rxe1+ 31. Qxe1 Kd8 $1 (31... Qe6 32. Qd2) 32. Qc3 Qe6
33. g3 Qe5 34. Qd3+ Ke7 35. Qa3 Qd4 36. Kg2 b4 37. Qc1 b3 0-1

[Event "Candidates (Women) final"]
[Site "Monte Carlo"]
[Date "1993.??.??"]
[Round "2"]
[White "Ioseliani, Nana"]
[Black "Polgar, Zsuzsa"]
[Result "0-1"]
[WhiteElo "2460"]
[BlackElo "2560"]
[Annotator "Ftacnik,L"]
[PlyCount "90"]
[EventDate "1993.02.??"]
[EventType "match"]
[EventRounds "8"]
[EventCountry "MNC"]
[SourceTitle "CBM 034"]
[Source "ChessBase"]
[SourceDate "1993.06.01"]
[SourceVersion "1"]
[SourceVersionDate "1993.06.01"]
[SourceQuality "1"]

1. d4 d5 2. Nf3 Nf6 3. c4 dxc4 4. Nc3 c6 5. a4 Bf5 6. e3 e6 7. Bxc4 Bb4 8. O-O
Nbd7 9. Qe2 Bg6 10. e4 Bxc3 11. bxc3 Nxe4 12. Ba3 Qc7 13. Rfc1 (13. Nd2 $5)
13... O-O-O 14. a5 Kb8 (14... Rhe8) 15. Be7 Rde8 16. Bh4 Ka8 17. Bd3 Qf4 18. a6
$6 (18. Rab1 $44) 18... b6 19. g3 Qf5 20. Ne1 (20. Ng5 Nxg3 $1) 20... Qd5 21.
Bc4 (21. c4 Qxd4 22. Nf3 Qxf2+ $1 23. Qxf2 Nxf2 24. Bxg6 Nh3+ 25. Kg2 hxg6 26.
Kxh3 f6 $1 {/\ g5-/+}) 21... Qh5 22. Qb2 Bf5 23. Be2 Qh6 24. f4 f6 25. Bf3 e5
26. d5 g5 $2 (26... exf4 27. dxc6 Ne5 $17) 27. dxc6 Ndc5 28. c7 Qg7 (28... gxh4
29. Qb5 Re6 30. Rd1 Rc8 31. Rd8 $18) 29. fxg5 fxg5 30. Qd2 Qxc7 31. Qxg5 $6 (
31. Bxg5 $142) 31... Bd7 $1 32. Rd1 Bc6 33. Qh6 Kb8 $1 (33... Rhf8 34. Be7 $1
Rxf3 35. Nxf3 Rxe7 36. Qxc6+ Qxc6 37. Rd8+ $18) 34. Nc2 Rhf8 35. Bh5 $2 (35.
Bg2) 35... Nxc3 (35... Nf2 $19) 36. Rd6 Rc8 37. Nb4 Ba8 38. Rf6 Rxf6 39. Qxf6
Nb3 40. Re1 Qc5+ 41. Qf2 Qxb4 42. Bf6 Bc6 43. Bxe5+ Ka8 44. Bf3 Ne4 45. Bf4 Nd4
$1 (45... Nxf2 $4 46. Bxc6+ Rxc6 47. Re8+ $18) (45... Nd4 $1 46. Bxe4 Bxe4 47.
Rxe4 Qb1+ 48. Re1 Qxe1+ 49. Qxe1 Nf3+ $19) 0-1

[Event "Dortmunder Schachtage-A 18th"]
[Site "Dortmund"]
[Date "1990.04.07"]
[Round "3"]
[White "Browne, Walter Shawn"]
[Black "Chernin, Alexander"]
[Result "0-1"]
[WhiteElo "2560"]
[BlackElo "2600"]
[Annotator "Ftacnik,L"]
[PlyCount "68"]
[EventDate "1990.04.05"]
[EventType "tourn"]
[EventRounds "11"]
[EventCountry "GER"]
[EventCategory "13"]
[SourceTitle "CBM 018"]
[Source "ChessBase"]
[SourceDate "1990.10.01"]
[SourceVersion "1"]
[SourceVersionDate "1990.10.01"]
[SourceQuality "1"]

1. d4 d5 2. c4 c6 3. Nc3 Nf6 4. Nf3 dxc4 5. a4 Bf5 6. e3 e6 7. Bxc4 Bb4 8. O-O
Nbd7 9. Nh4 Bg6 10. f4 Nd5 11. Nxg6 hxg6 12. Bd2 O-O (12... Qa5 13. Qe1 N5b6
14. Bb3 c5 15. Rd1 cxd4 16. Nb5 Bxd2 17. Rxd2 Nc5 $1 18. Bc2 Rd8 $1 $10 {
Yusupov,A-Huebner,R/Tilburg/1987/ ->CBM 04}) 13. Qe2 (13. Rf3 $5) 13... a6 14.
Rf3 Re8 15. Rd1 Qa5 16. e4 N5b6 17. Bb3 $2 (17. e5 $1 Nxc4 (17... c5 18. Ne4)
18. Qxc4 Nb6 19. Qf1 Nd5 20. Qf2 {/\ Rh3, Qh4 ->}) 17... c5 18. Na2 Bxd2 19.
Qxd2 Qxd2 20. Rxd2 a5 $1 21. Nc3 $2 (21. e5 $1 cxd4 22. Rxd4 Nc5 23. Rc3) 21...
cxd4 22. Nb5 Red8 23. Rxd4 Nc5 24. Nd6 $2 Nxe4 $1 $19 25. Rxe4 Rxd6 26. Re5 Nd7
27. Rg5 b6 28. h4 Rc8 29. h5 gxh5 30. Rxh5 g6 31. Rg5 Rc1+ 32. Kh2 Nc5 33. Re5
Rd2 34. f5 $138 gxf5 {Ftacnik,L} 0-1

[Event "Enghien les Bains"]
[Site "Enghien les Bains"]
[Date "2003.06.18"]
[Round "5"]
[White "Lautier, Joel"]
[Black "Bareev, Evgeny"]
[Result "0-1"]
[WhiteElo "2666"]
[BlackElo "2734"]
[Annotator "Ftacnik,L"]
[PlyCount "128"]
[EventDate "2003.06.13"]
[EventType "tourn"]
[EventRounds "9"]
[EventCountry "FRA"]
[EventCategory "17"]
[SourceTitle "CBM 096"]
[Source "ChessBase"]
[SourceDate "2003.09.25"]
[SourceVersion "1"]
[SourceVersionDate "2003.09.25"]
[SourceQuality "1"]

1. d4 d5 2. c4 c6 3. Nf3 Nf6 4. Nc3 dxc4 5. a4 Bf5 6. e3 e6 7. Bxc4 Bb4 8. O-O
O-O 9. Nh4 Nbd7 10. Nxf5 exf5 11. Qc2 Nb6 12. Bb3 Qd7 13. a5 Nbd5 14. f3 Rfe8
15. Nxd5 Nxd5 16. e4 Nf6 $1 {This theoretical duel is very important for the
fate of the modern variation with Nh4 against Slav defense. Bareev is always
well prepared for the serious exam.} (16... Nc7 17. Be3 a6 18. Bf2 Rad8 19. Kh1
Nb5 20. Qc4 Bf8 21. d5 Rc8 22. dxc6 Rxc6 23. Qd5 Rd6 24. Qc4 Rc8 25. Qa4 {
1-0 Ortega,L-Vismara,D/Saint Vincent 2002/ (45)}) 17. Qc4 Bf8 18. Bg5 (18. exf5
Rad8 19. Kh1 Re7 20. Qc2 {1/2-1/2 Kramnik,V-Anand,V/Linares 2000/ (20)}) 18...
fxe4 19. fxe4 Rxe4 20. Bxf6 gxf6 21. Rad1 Rae8 (21... Rd8 22. Rxf6 Rxd4 23.
Rxd4 Qxd4+ 24. Qxd4 Rxd4 25. Rxf7 Rb4 26. Rxb7+ Kh8 27. a6 Bc5+ 28. Kh1 Bb6 29.
Bc2 Rxb2 30. Bxh7 c5 {1/2-1/2 Rustemov,A-Rogers,I/Germany 2000/ (53)}) 22. Rxf6
Re1+ 23. Rxe1 $6 {Lautier has probably overrestimated his position, after the
correct 23.Rf1! the position would be equal.} (23. Rf1 $1 Rxf1+ (23... Rxd1 24.
Rxd1 Bh6 25. d5 $14) 24. Qxf1 (24. Rxf1 Re7 25. d5 $11) 24... Qe7 25. Qf2 Bh6
26. Kh1 Be3 27. Qf1 Kg7 $11) 23... Rxe1+ 24. Kf2 (24. Rf1 Rxf1+ 25. Kxf1 Bg7
26. d5 Bxb2 $15) 24... Re7 25. Kg1 (25. a6 b5 26. Qc3 Qg4 27. Rf3 Bg7 28. Qxc6
Qh4+ 29. Rg3 Qxd4+ 30. Kf1 Qe5 $15) 25... Bg7 26. Rf4 Bh6 27. Rf1 (27. Rh4 $2
Qf5 $1 $19) 27... Be3+ 28. Kh1 Bxd4 29. Qc1 a6 30. h3 (30. Qg5+ Bg7 31. Bc4 Qc7
$15) 30... Kh8 31. Qf4 (31. Bc4 f6 $15) 31... f6 {Black has an extra pawn,
insecure location of the king and hope to address the weakness on a5 in a
suitable moment.} 32. Qd2 Qd6 33. Qh6 Qb8 34. Qd2 Qe5 35. Qh6 Rg7 36. Qd2 Re7
37. Qh6 Qb8 38. Qd2 c5 39. Bc4 Qg3 40. Qh6 (40. b4 Rd7 41. Rf3 Qe5 $15) 40...
Re8 41. Qh5 (41. Rf3 Qe1+ 42. Rf1 Qxa5 43. Rxf6 Qe1+ 44. Rf1 Bg7 45. Qb6 Qb4
$17) 41... Rb8 42. Rf3 (42. b3 Be5 43. Kg1 Rf8 $17) 42... Qe1+ 43. Rf1 Qxa5 44.
Qf7 (44. Bd3 Qc7 $17) 44... Qd8 45. Bd5 (45. b3 b5 46. Bd5 Rc8 47. Qe6 Rc7 $19)
45... Bxb2 {Bareev is visibly succeeding in making the life of his opponent
miserable. White fights with difficulties in looking for some compensation as
his material gradually vanishes.} (45... b5 46. Be4 Qg8 47. Qh5 Bxb2 48. Qxc5
Be5 $19) 46. Rb1 (46. Bxb7 Qd3 47. Rxf6 Be5 48. Rf1 Qg3 49. Kg1 Qh2+ 50. Kf2
Bd4+ 51. Kf3 Rg8 52. Ke2 Qe5+ 53. Kd1 Rd8 $19) 46... Be5 47. Rxb7 (47. Be4 Qg8
48. Rxb7 Qxf7 49. Rxf7 h5 50. Rh7+ Kg8 51. Rxh5 c4 52. Rh7 c3 53. Ra7 Rb2 $19)
47... Rxb7 48. Qxb7 c4 49. Qa8 {The last hope lays in the endgame with bishops
of the opposite colour.} (49. Bxc4 $2 Qd1+ 50. Bf1 Qxf1#) (49. Qc6 c3 50. Bb3
Qd2 51. Qe8+ Kg7 52. Qg8+ Kh6 53. Qf8+ Kh5 (53... Kg5 54. Qg7+ Kf4 55. Qg4+ Ke3
56. Qf3+ Kd4 57. Qd5+ $11) 54. Qf7+ Kh4 55. Qxh7+ Kg3 56. Qg6+ Kf2 57. Qf5+ Bf4
58. Qb1 Qe1+ 59. Qxe1+ Kxe1 $19) 49... Qxa8 50. Bxa8 f5 51. Bd5 c3 52. Bb3 Bd4
53. g3 {[%mdl 4096] This modest move in the critical position is not
sufficient for saving the game. Very interesting would be the method of
winning after the more challenging 53.g4!?} (53. g4 $5 f4 54. Kg2 Kg7 55. Kf3
Be5 (55... Be3 56. h4 h6 57. g5 $13) 56. Ke4 Kf6 57. h4 (57. g5+ Kxg5 58. Kxe5
f3 $19) 57... h6 58. Bc2 a5 59. Bd1 (59. Bb3 $2 Ke7 60. g5 hxg5 61. hxg5 Kd6
62. g6 Bg7 63. Kxf4 Kc5 64. Ke4 Kb4 $19) 59... Ke6 60. g5 (60. Bc2 Kd6 61. g5
h5 $1 62. g6 (62. Bb3 Bg7 63. Kxf4 Kc5 64. Ke4 Kb4 65. Bc2 a4 $19) 62... Ke6
$19) 60... h5 $1 (60... hxg5 61. hxg5 Kd6 62. g6 Bg7 63. Kxf4 Kc5 64. Ke4 Kb4
65. Kd3 a4 66. Kc2 a3 67. Kb1 $11) 61. Bc2 Kd6 62. g6 (62. Bd1 Kc5 63. Kxe5 (
63. g6 Bg7 64. Kxf4 Kb4 65. Ke4 a4 $19) 63... f3 64. g6 f2 65. g7 f1=Q 66. g8=Q
Qe1+ 67. Kf6 Qxd1 $19) 62... Ke6 63. Bb3+ (63. Kf3 Kd5 64. Bb3+ Kc5 65. Ke4 Bg7
66. Kd3 Kb4 67. Bd5 a4 68. Kc2 a3 69. Kb1 f3 70. Bxf3 a2+ 71. Kxa2 c2 $19)
63... Kf6 64. Bc2 Bd6 65. Kd4 f3 66. Ke3 (66. Kxc3 Bg3 67. Kd2 Bxh4 68. Ke3 f2
69. Ke2 Bg3 70. Kf1 h4 $19) 66... Bg3 67. Kxf3 Bxh4 68. Ke3 Bg3 69. Kf3 Be5 $19
) (53. Kh2 f4 $1 54. g4 f3 55. Kg3 f2 56. Kg2 Kg7 $19) 53... Kg7 54. Kg2 h5 55.
Kf3 (55. g4 fxg4 56. hxg4 h4 57. Kh3 Bf6 $19) 55... Kf6 56. Kf4 (56. g4 fxg4+
57. hxg4 h4 58. Kf4 Be5+ 59. Ke4 h3 60. Kf3 Kg5 $19) (56. g4 fxg4+ 57. hxg4 h4
$19) 56... Be5+ 57. Kf3 a5 58. Bc2 Bd6 59. Bb3 Bc5 60. Kf4 Bf2 {Bareev has
prepared for the final touch with the bishop's manouver to the diagonal e1-h4,
where he constantly monitors g3 pawn.} 61. Bc2 (61. g4 fxg4 62. hxg4 h4 $1 (
62... hxg4 63. Kxg4 Ke5 64. Kf3 Kd4 65. Ke2 $11) 63. g5+ Ke7 64. Kg4 Kd6 65. g6
Bd4 66. Kxh4 Kc5 67. Kg4 Kb4 68. Bc2 a4 $19) 61... Be1 62. Kf3 (62. g4 fxg4 63.
hxg4 h4 64. g5+ Ke7 65. Kg4 (65. g6 h3 $1 66. Kf3 Kf6 $19) 65... Bd2 $1 (65...
Bf2 $2 66. g6 Bd4 (66... Kf6 67. Kh3 $11) 67. Kxh4 Kd6 68. Kg5 Kc5 69. Kf5 Kb4
70. Ke4 Bg7 71. Kd3 a4 72. Bb1 Kb3 73. Bc2+ $11) 66. Kxh4 Kd6 67. Kg4 (67. Kh5
Bxg5 $1 68. Kxg5 Kc5 69. Kf4 Kb4 70. Ke3 a4 71. Bf5 (71. Kd3 a3 72. Bb1 Kb3 73.
Ba2+ Kb2 $1 $19 (73... Kxa2 $2 74. Kc2 $11)) 71... Kb3 72. Bd7 a3 $19) 67...
Kc5 68. g6 Bh6 69. Kf3 Kb4 70. Ke2 a4 71. Kd3 a3 72. Bb1 Kb3 $19) (62. Bxf5 $2
a4 63. Bb1 a3 $19) 62... Ke5 63. h4 (63. g4 fxg4+ 64. hxg4 h4 65. g5 h3 66. g6
Kf6 $19) 63... Kd4 64. Kf4 Bxg3+ $1 (64... Bxg3+ $1 65. Kxg3 (65. Kxf5 Bxh4 66.
Kg6 Ke3 67. Kxh5 Kd2 $19) 65... Ke3 66. Bxf5 a4 $19) 0-1